000 01052nam a2200289 i 4500
001 bg
245 0 0 _aEuropa, Europa... :
_bprzewodnik encyklopedyczny po współczesnej Europie.
_nT. 1 /
_cred. nauk. Zbigniew Drozdowicz ; aut. siatki haseł.: Ryszard Borówka [et al.] ; [zespół aut. Mateusz Bandurski et al.].
260 _aPoznań :
_bWydawnictwo Kurpisz,
_ccop. 2005.
300 _a568 s. :
_bil. (gł. kolor.), fot., mapy, rys., wykr. ;
_c30 cm.
504 _aIndeks.
651 9 _aEuropa
655 _aEncyklopedie
700 1 _aDROZDOWICZ, Zbigniew
_d(1948- ).
_eRed.
700 1 _aBORÓWKA, Ryszard
700 1 _aBANDURSKI, Mateusz
015 _aPB 17837/2005
020 _a8388841866 (całość)
020 _a8388841874 (t. 1)
040 _cBPK
041 0 _apol
080 _a913(4)(03)
920 _a83-88841-86-6 (całość)
920 _a83-88841-87-4 (t. 1)
942 _cKS
008 s pl f |000 0 pol
999 _c52775
_d52775
856 _uhttp://koha.tu.koszalin.pl/cgi-bin/koha/opac-detail.pl?biblionumber=52775
_yKatalog online BPK